| 000 | 00454nam a2200193Ia 4500 | ||
|---|---|---|---|
| 008 | 240510s9999 xx 000 0 und d | ||
| 020 | _a9789556940282 | ||
| 041 | _asih | ||
| 082 | _a153.4 | ||
| 082 | _bK52 | ||
| 100 | _aKODIKARA,CHANDI | ||
| 245 | 0 | _aPunchima Dewal Punchima Ne | |
| 260 | _bColombo:Author Publication | ||
| 260 | _c2016 | ||
| 300 | _a194 p. | ||
| 942 |
_2ddc _02 |
||
| 942 | _cLBK | ||
| 999 |
_c29385 _d29385 |
||
| 945 |
_a1 _bMadushi Gamage _c2364 _dABC XYZ |
||